Space Marine Legions - Statistics

General Stats
  • This quiz has been taken 78 times
  • The average score is 10 of 18
Answer Stats
Legion Name % Correct
I Dark Angels
97%
III Emperor's Children
76%
VII Imperial Fists
65%
XIII Ultramarines
65%
XX Alpha Legion
56%
IX Blood Angels
56%
XIV Death Guard
56%
X Iron Hands
56%
IV Iron Warriors
56%
XVIII Salamanders
56%
XV Thousand Sons
56%
XII World Eaters
56%
V White Scars
53%
XIX Raven Guard
50%
XVI Sons of Horus
50%
VI Space Wolves
50%
XVII Word Bearers
50%
VIII Night Lords
44%
No matching quizzes found
Score Distribution
Percent of People with Each Score
Percentile by Number Answered
Your Score History
You have not taken this quiz